000 00388nam a2200145 i 4500
001 90737
003 ES-MaACL
007 t|
008 050124s1911 sp ||||1| spa d
100 1 _aLeiras Pulpeiro, Manuel.
_971388
245 1 0 _aCantares gallegos /
_cManuel Leiras Pulpeiro.
260 _aMondoƱedo :
_bH. Mancebo,
_c1911.
300 _a66 p. ;
_c18 cm.
852 _aES-MaACL
_jG-487
999 _c90737
_d90737